| 000 | 00769nam a22002175a 4500 | ||
|---|---|---|---|
| 003 | OSt | ||
| 005 | 20170306113442.0 | ||
| 008 | 170226s2008 ua frb 000 0 ara d | ||
| 015 | _a2008 / 1518 | ||
| 040 |
_aEG-ScBUE _bara _cEG-ScBUE |
||
| 082 | 0 | 4 |
_222 _bس ل ا _a340.9 |
| 100 | 1 | _aسلامة، أحمد عبد الكريم. | |
| 245 | 1 | 2 |
_aالأصول في التنازع الدولي للقوانين / _cتأليف أحمد عبد الكريم سلامة. |
| 260 |
_aالقاهرة : _bدار النهضة العربية، _c[2008] |
||
| 300 |
_a1289 ص. ؛ _c24 سم. |
||
| 504 | _aيشتمل على إرجاعات ببليوجرافية. | ||
| 650 | 7 |
_2BUEsh _aتنازع القوانين. |
|
| 651 | _2BUEsh | ||
| 653 |
_bLLAAWW _cMarch2017 |
||
| 942 | _2ddc | ||
| 999 |
_c24335 _d24307 |
||